000 00283nam a2200109Ia 4500
008 220204s9999 xx 000 0 und d
082 _a65:061.62
_bBAT
100 _aBatty, J
245 0 _aAccounting for research and development
260 _aLondon
_bBusiness Book
_c1976
942 _cBK
999 _c25599
_d25599